How to do business with the Japanese
Gespeichert in:
| 1. Verfasser: | |
|---|---|
| Format: | Buch |
| Sprache: | Undetermined |
| Veröffentlicht: |
New York
Random House
1985
|
| Schlagworte: | |
| Tags: |
Tag hinzufügen
Keine Tags, Fügen Sie den ersten Tag hinzu!
|
| Thư viện lưu trữ: | Trung tâm Học liệu Trường Đại học Cần Thơ |
|---|
| LEADER | 00477nam a2200181Ia 4500 | ||
|---|---|---|---|
| 001 | CTU_78943 | ||
| 008 | 210402s9999 xx 000 0 und d | ||
| 082 | |a 658.4 | ||
| 082 | |b Z72 | ||
| 100 | |a Zimmerman, Mark | ||
| 245 | 0 | |a How to do business with the Japanese | |
| 245 | 0 | |c Mark Zimmerman | |
| 260 | |a New York | ||
| 260 | |b Random House | ||
| 260 | |c 1985 | ||
| 650 | |a Industrial management | ||
| 650 | |z Japan | ||
| 980 | |a Trung tâm Học liệu Trường Đại học Cần Thơ | ||